Eisenhower o un triunfo de la honestidad

Saved in:
Bibliographic Details
Main Author: Vicuña, Alejandro (Author)
Format: Book
Language:Spanish
Published: Santiago Universidad Católica 1958
Subjects:
Tags: Add Tag
No Tags, Be the first to tag this record!

MARC

LEADER 00000nam a2200000 a 4500
001 UCP7992
003 CL-VaPUC
008 000106e19580000CL |||||||||||||||||spa|d
082 0 4 |a 923.1  |b VIC  |2 21 
100 0 |a Vicuña, Alejandro  |e author  |9 437767 
245 1 0 |a Eisenhower o un triunfo de la honestidad 
300 |a 267 p 
942 |c BK 
945 |d 20000106 00:00:00  |a rherrera 
260 |a Santiago  |b Universidad Católica   |c 1958 
600 0 7 |a EISENHOWER, DWIGHT DAVID  |2 CL-VaPUC  |9 316135 
650 0 |a Bibliografías   |9 257071 
650 0 |a Presidentes  |9 255176 
650 0 |a Militares   |9 336881 
650 0 |a Segunda Guerra Mundial  |9 325982 
651 0 |a Estados Unidos  |9 255178 
583 |a last modification  |c 20000106 00:00:00  |k Rodrigo Vera 
999 |c 285027  |d 285025 
952 |0 0  |1 0  |4 0  |6 923_100000000000000_VIC_1958  |7 0  |8 A  |9 329378  |a BIBHIS  |b BIBHIS  |d 2019-11-20  |i 1377213  |o 923.1 VIC 1958  |p 1377213  |r 2025-01-20  |w 2019-11-20  |y BK  |k HIS